'BUT' in Words Quiz Stats

 Plays Quiz Updated Jun 15, 2018

Also try: 'FOR' in Words
Challenge
Share
Tweet
Embed
Score 0/22 Timer 04:00
0 Plays Today
Clue Word % Correct
Bread spreadBUTTER
97.9%
Shirt fastenerBUTTON
97.5%
ManservantBUTLER
97.1%
Swim strokeBUTTERFLY
94.5%
1st appearanceDEBUT
92.2%
Candy flavorBUTTERSCOTCH
90%
Lighter fuelBUTANE
89.1%
Meat cutterBUTCHER
84.6%
1st time socialiteDEBUTANTE
80.1%
NavelBELLYBUTTON
79%
Common flatfishHALIBUT
77.4%
Clue Word % Correct
RumpBUTTOCKS
74.6%
Isolated hillBUTTE
68.3%
RefutationREBUTTAL
66.5%
Chip inCONTRIBUTE
62.8%
HomageTRIBUTE
53.1%
Bridge or arch partABUTMENT
48.3%
Special qualityATTRIBUTE
47.3%
PaybackRETRIBUTION
45.6%
Mete outDISTRIBUTE
45%
Gossip, hearsaySCUTTLEBUTT
38.4%
Israeli settlementKIBBUTZ
37.7%

You're not logged in!

Compare scores with friends on all Sporcle quizzes.
OR
Log In

You Might Also Like...

Show Comments

Extras

Top Quizzes Today


Score Distribution

Your Account Isn't Verified!

In order to create a playlist on Sporcle, you need to verify the email address you used during registration. Go to your Sporcle Settings to finish the process.

Report this User

Report this user for behavior that violates our Community Guidelines.

Details: